000 00455pab a2200157 454500
008 180718b1997 xxu||||| |||| 00| 0 eng d
100 _aOliver, Dawn
245 _aRegulating the conduct of MPs: the British experience of combating corruption
260 _c1997
300 _ap.539-58
650 _aLegislator - Great Britain
650 _aPolitical corruption - Great Britain
650 _aCorruption
773 _aPolitical Studies
909 _a35425
999 _c35425
_d35425